[Event "Ljubljana-chT 71st"]
[Site "Ljubljana"]
[Date "2018.03.08"]
[Round "5.4"]
[White "Zajc, Jan"]
[Black "Blazincic, Ivan"]
[Result "1/2-1/2"]
[WhiteElo "1722"]
[BlackElo "1571"]
[PlyCount "120"]
[EventDate "2018.01.11"]
[EventType "team-tourn"]
[EventRounds "9"]
[EventCountry "SLO"]
[SourceTitle "EXT 2020"]
[Source "ChessBase"]
[SourceDate "2019.10.17"]
[SourceVersion "1"]
[SourceVersionDate "2019.10.17"]
[SourceQuality "1"]
[WhiteTeam "Komenda Popotnik"]
[BlackTeam "Bor Dob"]
[WhiteTeamCountry "SLO"]
[BlackTeamCountry "SLO"]

1. d4 Nf6 2. c4 e6 3. Nc3 b6 4. e4 d6 5. Be3 Bb7 6. f3 Be7 7. Qd2 Nc6 8. d5 exd5 9. cxd5 Ne5 10. Qc2 a6 11. Nge2 0-0 12. Nd4 Rc8 13. Be2 c5 14. dxc6 Nxc6 15. Nf5 b5 16. Qd2 Qd7 17. Nxe7+ Qxe7 18. Bg5 h6 19. Bh4 g5 20. Bg3 Rfd8 21. h4 Nh7 22. hxg5 hxg5 23. Nd5 Qe6 24. Kf2 Kg7 25. Bd1 Ne5 26. Bb3 Nc4 27. Bxc4 Rxc4 28. Ne3 Rc5 29. b4 Rc4 30. Nxc4 bxc4 31. Rac1 d5 32. Qd4+ f6 33. Rxc4 Rd7 34. Rc7 Rxc7 35. Bxc7 dxe4 36. Re1 Qxa2+ 37. Re2 Qf7 38. Rc2 Nf8 39. Bd6 Ne6 40. Qd2 exf3 41. gxf3 Qh5 42. Qe3 Bd5 43. Bg3 Qg6 44. Rd2 Qf5 45. Qd3 Qxd3 46. Rxd3 Bc4 47. Rd7+ Kg6 48. Ke3 f5 49. Be5 Bb5 50. Re7 f4+ 51. Kd2 Kf5 52. Bc3 Bc4 53. Rf7+ Kg6 54. Rf6+ Kh5 55. Ke1 g4 56. Rf5+ Kh4 57. Bf6+ Kg3 58. fxg4 Kxg4 59. Ra5 f3 60. Ra3 Be2 1/2-1/2

[Event "SLO-chT2 West"]
[Site "Komenda"]
[Date "2017.11.25"]
[Round "5.6"]
[White "Konvalinka, Kostja"]
[Black "Zajc, Jan"]
[Result "1/2-1/2"]
[WhiteElo "1738"]
[BlackElo "1718"]
[PlyCount "82"]
[EventDate "2017.11.11"]
[EventType "team-tourn"]
[EventRounds "7"]
[EventCountry "SLO"]
[SourceTitle "EXT 2019"]
[Source "ChessBase"]
[SourceDate "2018.10.10"]
[SourceVersion "1"]
[SourceVersionDate "2018.10.10"]
[SourceQuality "1"]
[WhiteTeam "Trzin"]
[BlackTeam "Komenda"]
[WhiteTeamCountry "SLO"]
[BlackTeamCountry "SLO"]

1. e4 c6 2. d4 d5 3. Nc3 dxe4 4. Nxe4 Bf5 5. Ng3 Bg6 6. Nf3 Nd7 7. Bd3 Ngf6 8. 0-0 e6 9. Re1 Bd6 10. Ne4 Nxe4 11. Bxe4 Bxe4 12. Rxe4 Nf6 13. Re1 Qc7 14. c3 h6 15. Qe2 0-0 16. h3 b5 17. a3 a5 18. Ne5 Rfd8 19. Bd2 c5 20. Nf3 c4 21. Ne5 Bxe5 22. Qxe5 Qxe5 23. Rxe5 Rd5 24. Rae1 Rad8 25. Bf4 Rxe5 26. Rxe5 Rd5 27. Rxd5 Nxd5 28. Bd2 Kh7 29. Kf1 Kg6 30. Ke2 Kf5 31. Kf3 g5 32. g4+ Kf6 33. Ke4 Ke7 34. f4 Nxf4 35. Bxf4 gxf4 36. Kxf4 f6 37. h4 Kd6 38. Ke4 Kc6 39. Kf4 Kd5 40. Kf3 Kc6 41. Ke4 Kd6 1/2-1/2

[Event "SLO-chT Central Superliga 17th"]
[Site "Slovenia"]
[Date "2016.10.27"]
[Round "6.4"]
[White "Dajcman, Aleksander"]
[Black "Zajc, Jan"]
[Result "0-1"]
[WhiteElo "1379"]
[BlackElo "1680"]
[PlyCount "83"]
[EventDate "2016.09.22"]
[EventType "team-tourn"]
[EventRounds "9"]
[EventCountry "SLO"]
[SourceTitle "EXT 2023"]
[Source "ChessBase"]
[SourceDate "2022.10.05"]
[SourceVersion "1"]
[SourceVersionDate "2022.10.05"]
[SourceQuality "1"]
[WhiteTeam "Kranj Gimnazija"]
[BlackTeam "Komenda Popotnik"]
[WhiteTeamCountry "SLO"]
[BlackTeamCountry "SLO"]

1. e4 c5 2. Nf3 d6 3. d4 cxd4 4. Nxd4 Nf6 5. Nc3 a6 6. Be3 e6 7. a4 Be7 8. Be2 0-0 9. 0-0 Qc7 10. f3 Nc6 11. Bf2 Rd8 12. Nb3 d5 13. Bg3 Bd6 14. Bxd6 Qxd6 15. exd5 Qf4 16. Qc1 Qxc1 17. Raxc1 exd5 18. Rcd1 Nb4 19. Rd2 Be6 20. Nc5 b6 21. Nxe6 fxe6 22. Bd3 Nxd3 23. Rxd3 Rac8 24. Re1 Kf7 25. Re2 Rc4 26. b3 Rc6 27. Nd1 Rdc8 28. Rdd2 b5 29. Nb2 g5 30. Nd3 Nd7 31. Nb4 Rd6 32. axb5 Rb8 33. Nc6 Rxb5 34. Ne5+ Nxe5 35. Rxe5 Kf6 36. Re3 d4 37. Red3 e5 38. g4 Kf7 39. Kg2 Rc6 40. Kf2 Ke6 41. Rd1 Rxc2+ 42. Kg3 0-1

[Event "Ljubljana-chT 69th Superliga"]
[Site "Ljubljana"]
[Date "2016.03.31"]
[Round "8.3"]
[White "Zajc, Jan"]
[Black "Sotirov, Slavko"]
[Result "1/2-1/2"]
[WhiteElo "1747"]
[BlackElo "1793"]
[PlyCount "88"]
[EventDate "2016.01.14"]
[EventType "team-tourn"]
[EventRounds "9"]
[EventCountry "SLO"]
[SourceTitle "EXT 2022"]
[Source "ChessBase"]
[SourceDate "2021.10.06"]
[SourceVersion "1"]
[SourceVersionDate "2021.10.06"]
[SourceQuality "1"]
[WhiteTeam "Komenda Pogi"]
[BlackTeam "Visnja Gora Sticna"]
[WhiteTeamCountry "SLO"]
[BlackTeamCountry "SLO"]

1. d4 Nf6 2. c4 h6 3. Nc3 g5 4. e4 Bg7 5. h4 gxh4 6. Nf3 d6 7. Nxh4 e5 8. d5 Na6 9. Be2 Nc5 10. Qc2 a5 11. Bf3 Bd7 12. Ne2 Qe7 13. Ng3 Qf8 14. Nhf5 b6 15. Be3 Kd8 16. 0-0-0 Kc8 17. Kb1 Kb7 18. Qe2 Kc8 19. Rh4 Kb7 20. Rdh1 Rb8 21. Nxh6 Bxh6 22. Rxh6 Rxh6 23. Rxh6 Qg7 24. Rh1 Rh8 25. Rxh8 Qxh8 26. Bxc5 bxc5 27. Qd2 Kb6 28. Qg5 c6 29. Kc1 cxd5 30. exd5 Kc7 31. a3 Kc8 32. Qd2 Qh4 33. Qxa5 Qxc4+ 34. Qc3 Qf4+ 35. Qe3 Qc4+ 36. Kd2 Ba4 37. Qc3 Qf4+ 38. Ke1 Kd7 39. b3 Bb5 40. Ne2 Bxe2 41. Bxe2 Ne4 42. Qe3 Qh4 43. Qh3+ Qxh3 44. gxh3 Nf6 1/2-1/2

[Event "SLO-ch U16"]
[Site "Rogaska Slatina"]
[Date "2009.02.26"]
[Round "8"]
[White "Cernjak, Ambroz"]
[Black "Zajc, Jan"]
[Result "0-1"]
[WhiteElo "1568"]
[BlackElo "1621"]
[PlyCount "86"]
[EventDate "2009.02.22"]
[EventType "swiss"]
[EventRounds "9"]
[EventCountry "SLO"]
[SourceTitle "CBM 129 Extra"]
[Source "ChessBase"]
[SourceDate "2009.05.05"]
[SourceVersion "2"]
[SourceVersionDate "2009.05.20"]
[SourceQuality "1"]

1. e4 e5 2. Nf3 Nc6 3. Bc4 Bc5 4. Nc3 Nf6 5. d3 d6 6. h3 Be6 7. Bb3 Nd4 8. Be3 h6 9. Bxd4 exd4 10. Ne2 Bb4+ 11. c3 dxc3 12. Nxc3 d5 13. exd5 Nxd5 14. Bxd5 Bxd5 15. Qe2+ Qe7 16. 0-0 Qxe2 17. Nxe2 0-0-0 18. Nfd4 Rhe8 19. a3 Bc5 20. Rfe1 Re5 21. Nb5 Bc6 22. d4 Rg5 23. dxc5 Bxb5 24. b4 Bc6 25. Ng3 h5 26. Ne4 Re5 27. Ng3 Rg5 28. Ne4 Rg6 29. h4 Rd4 30. Ng5 Rxh4 31. Nxf7 Rxg2+ 32. Kf1 Rf4 33. f3 Rd2 34. Ne5 Bxf3 35. Nxf3 Rxf3+ 36. Kg1 Rdd3 37. Re7 Rxa3 38. Rae1 Rad3 39. Rxg7 Rg3+ 40. Rxg3 Rxg3+ 41. Kh2 Rg4 42. Re8+ Kd7 43. Rh8 h4 0-1

[Event "SLO-ch U16"]
[Site "Rogaska Slatina"]
[Date "2009.02.22"]
[Round "1"]
[White "Belsak, Zan"]
[Black "Zajc, Jan"]
[Result "1-0"]
[WhiteElo "2029"]
[BlackElo "1621"]
[PlyCount "69"]
[EventDate "2009.02.22"]
[EventType "swiss"]
[EventRounds "9"]
[EventCountry "SLO"]
[SourceTitle "CBM 129 Extra"]
[Source "ChessBase"]
[SourceDate "2009.05.05"]
[SourceVersion "2"]
[SourceVersionDate "2009.05.20"]
[SourceQuality "1"]

1. e4 e5 2. Nc3 Nf6 3. Bc4 Bc5 4. d3 Nc6 5. Na4 Be7 6. f4 d6 7. Ne2 Na5 8. Bb3 Nxb3 9. axb3 c6 10. h3 b5 11. Nac3 Qb6 12. Ng3 0-0 13. Qf3 Re8 14. Be3 Qc7 15. 0-0 Bd7 16. Rf2 a6 17. Raf1 Qb7 18. fxe5 dxe5 19. Nf5 Bxf5 20. Qxf5 Qc7 21. Qf3 Kh8 22. g4 Rf8 23. g5 Nd7 24. Qg4 Bc5 25. Bxc5 Nxc5 26. Ne2 Kg8 27. Ng3 Qd7 28. Nf5 Ne6 29. h4 Ra7 30. h5 c5 31. g6 Kh8 32. gxh7 Kxh7 33. Rh2 b4 34. Rf3 a5 35. Rg3 1-0

[Event "Ljubljana-chT 62nd 2nd League"]
[Site "Ljubljana"]
[Date "2009.01.15"]
[Round "2.2"]
[White "Kveder, Bozidar"]
[Black "Zajc, Jan"]
[Result "1/2-1/2"]
[WhiteElo "1602"]
[BlackElo "1621"]
[PlyCount "95"]
[EventDate "2009.01.08"]
[EventType "team-tourn"]
[EventRounds "9"]
[EventCountry "SLO"]
[SourceTitle "EXT 2022"]
[Source "ChessBase"]
[SourceDate "2021.10.06"]
[SourceVersion "1"]
[SourceVersionDate "2021.10.06"]
[SourceQuality "1"]
[WhiteTeam "Bor Dob II"]
[BlackTeam "Komenda Gaber"]
[WhiteTeamCountry "SLO"]
[BlackTeamCountry "SLO"]

1. e4 e5 2. Nf3 Nc6 3. Bc4 Bc5 4. d3 Nf6 5. c3 Qe7 6. Qe2 d6 7. h3 Be6 8. Bxe6 fxe6 9. a4 d5 10. Bg5 0-0 11. 0-0 Qf7 12. Bh4 Qg6 13. Nbd2 Nh5 14. Ne1 Nf4 15. Qf3 Qh6 16. Qg4 Ne2+ 17. Qxe2 Qxh4 18. b4 Bd6 19. Nef3 Qf6 20. Rae1 Rae8 21. b5 Nd8 22. c4 d4 23. Rc1 c5 24. Nh2 Bc7 25. Ndf3 Nf7 26. Qd2 Qd8 27. Ng4 Qe7 28. a5 Bd6 29. Ne1 Ra8 30. g3 Qc7 31. Ng2 Rae8 32. f4 exf4 33. Nxf4 Bxf4 34. Rxf4 Ne5 35. Rcf1 Nxg4 36. hxg4 Qe7 37. g5 Rxf4 38. gxf4 Rf8 39. Kg2 g6 40. Rh1 Qc7 41. Rh4 Qf7 42. Kg3 Qc7 43. Rh1 Rf7 44. Rf1 Rf8 45. Kg4 Qe7 46. a6 b6 47. e5 Qf7 48. Kg3 1/2-1/2

[Event "SLO-ch U16"]
[Site "Postojna"]
[Date "2008.02.28"]
[Round "6"]
[White "Okorn, Jan"]
[Black "Zajc, Jan"]
[Result "1/2-1/2"]
[WhiteElo "1576"]
[BlackElo "1620"]
[PlyCount "63"]
[EventDate "2008.02.24"]
[EventType "swiss"]
[EventRounds "9"]
[EventCountry "SLO"]
[SourceTitle "EXT 2010"]
[Source "ChessBase"]
[SourceDate "2010.11.25"]
[SourceVersion "1"]
[SourceVersionDate "2010.11.25"]
[SourceQuality "1"]

1. e4 e5 2. Nf3 Nc6 3. Bc4 Nf6 4. d3 Bc5 5. Nc3 d6 6. Be3 Bb6 7. Qe2 Be6 8. Bb3 Nd4 9. Bxd4 exd4 10. Nd5 Bc5 11. c3 Bg4 12. h3 Bxf3 13. Qxf3 Nd7 14. Nxc7+ Qxc7 15. Qxf7+ Kd8 16. Qxg7 Rf8 17. c4 Bb4+ 18. Ke2 Qc5 19. Ba4 Qh5+ 20. g4 Qf7 21. Qxf7 Rxf7 22. Bxd7 Kxd7 23. Raf1 Raf8 24. h4 Ba5 25. g5 Bd8 26. Rhg1 Be7 27. h5 Rg7 28. f4 Rfg8 29. Rg4 h6 30. g6 Bf6 31. f5 Kc6 32. Kd2 1/2-1/2

[Event "SLO-ch U16"]
[Site "Postojna"]
[Date "2008.02.28"]
[Round "7"]
[White "Zajc, Jan"]
[Black "Gantar, Jan"]
[Result "0-1"]
[WhiteElo "1620"]
[BlackElo "1972"]
[PlyCount "54"]
[EventDate "2008.02.24"]
[EventType "swiss"]
[EventRounds "9"]
[EventCountry "SLO"]
[SourceTitle "EXT 2010"]
[Source "ChessBase"]
[SourceDate "2010.11.25"]
[SourceVersion "1"]
[SourceVersionDate "2010.11.25"]
[SourceQuality "1"]

1. e4 Nc6 2. d4 d6 3. Nc3 Nf6 4. Nf3 Bg4 5. Bb5 a6 6. Bxc6+ bxc6 7. Bf4 e6 8. 0-0 d5 9. Bg5 Be7 10. Bxf6 gxf6 11. Qd3 Bh5 12. Qe3 Rg8 13. Ne2 dxe4 14. Qxe4 Qd5 15. Qxd5 cxd5 16. Ng3 Bxf3 17. gxf3 Rb8 18. Rab1 Kd7 19. Rfe1 Rb6 20. Kf1 Rgb8 21. b3 Rc6 22. Re2 Rc3 23. Kg2 Rg8 24. f4 f5 25. Kf1 Bd6 26. Nh5 Rg6 27. a4 Rh3 0-1

[Event "SLO-ch U16"]
[Site "Postojna"]
[Date "2008.02.24"]
[Round "1"]
[White "Rakovec, Anze"]
[Black "Zajc, Jan"]
[Result "0-1"]
[WhiteElo "1500"]
[BlackElo "1620"]
[PlyCount "116"]
[EventDate "2008.02.24"]
[EventType "swiss"]
[EventRounds "9"]
[EventCountry "SLO"]
[SourceTitle "EXT 2010"]
[Source "ChessBase"]
[SourceDate "2010.11.25"]
[SourceVersion "1"]
[SourceVersionDate "2010.11.25"]
[SourceQuality "1"]

1. e4 e5 2. Nf3 Nc6 3. d4 exd4 4. Nxd4 Bc5 5. Be3 Qf6 6. Nxc6 Bxe3 7. fxe3 dxc6 8. Nc3 Nh6 9. Qd4 Ng4 10. Qxf6 Nxf6 11. h3 h5 12. Be2 h4 13. 0-0-0 b5 14. a3 Bb7 15. Rd4 a6 16. Bf3 0-0 17. e5 Nh7 18. Rxh4 Rfe8 19. Rg4 Rxe5 20. e4 Nf6 21. Rf4 c5 22. Rf5 Rae8 23. h4 b4 24. Nd1 Nxe4 25. Bxe4 Bxe4 26. Rxe5 Rxe5 27. Rh2 Bd5 28. g3 Bf3 29. Rd2 Re1 30. axb4 cxb4 31. Rd3 Bg4 32. Rd4 f5 33. Rxg4 fxg4 34. Kd2 Rxd1+ 35. Kxd1 Kf7 36. Kd2 Ke6 37. b3 a5 38. Kd3 Kd5 39. c3 c5 40. c4+ Ke5 41. Ke3 Kd6 42. Kd3 Kc6 43. Kc2 a4 44. bxa4 Kb6 45. Kb2 Ka5 46. Kb3 g6 47. Kb2 Kxa4 48. Kc2 b3+ 49. Kb2 Kb4 50. Kc1 Kxc4 51. Kb2 Kb4 52. Kb1 c4 53. Kb2 c3+ 54. Kb1 c2+ 55. Kc1 Kc4 56. Kd2 Kd4 57. Kc1 Kc3 58. h5 b2# 0-1

[Event "SLO-ch U14"]
[Site "Murska Sobota"]
[Date "2007.03.01"]
[Round "8"]
[White "Zajc, Jan"]
[Black "Rozic, Samo"]
[Result "0-1"]
[WhiteElo "1530"]
[BlackElo "1851"]
[PlyCount "88"]
[EventDate "2007.02.25"]
[EventType "swiss"]
[EventRounds "9"]
[EventCountry "SLO"]
[SourceTitle "CBM 117 Extra"]
[Source "ChessBase"]
[SourceDate "2007.05.09"]
[SourceVersion "1"]
[SourceVersionDate "2007.05.09"]
[SourceQuality "1"]

1. e4 e6 2. d4 d5 3. Nc3 Nf6 4. exd5 exd5 5. Bg5 Be7 6. Nf3 0-0 7. Be2 Bf5 8. 0-0 Nc6 9. Re1 Re8 10. Bb5 Bg4 11. Qd3 Bxf3 12. Qxf3 Nxd4 13. Qd3 Nxb5 14. Qxb5 Rb8 15. Bxf6 Bxf6 16. Rxe8+ Qxe8 17. Qxd5 Bxc3 18. bxc3 c6 19. Qf3 Qe6 20. h3 g6 21. Qd3 Re8 22. Kf1 Qe5 23. g3 Qe4 24. Qxe4 Rxe4 25. Rb1 b6 26. Rb4 Re5 27. Rc4 c5 28. h4 f5 29. g4 fxg4 30. Rxg4 Kf7 31. c4 Ke6 32. Rf4 Kd6 33. Rf6+ Re6 34. Rf7 Re7 35. Rf6+ Ke5 36. Rf3 Kd4 37. Rd3+ Kxc4 38. f3 a5 39. a3 b5 40. Kf2 a4 41. f4 b4 42. Kf3 b3 43. Rd2 b2 44. Rd1 Kc3 0-1

[Event "SLO-ch U14"]
[Site "Murska Sobota"]
[Date "2007.02.27"]
[Round "5"]
[White "Zajc, Jan"]
[Black "Ros, Jan"]
[Result "1-0"]
[WhiteElo "1530"]
[BlackElo "1500"]
[PlyCount "47"]
[EventDate "2007.02.25"]
[EventType "swiss"]
[EventRounds "9"]
[EventCountry "SLO"]
[SourceTitle "CBM 117 Extra"]
[Source "ChessBase"]
[SourceDate "2007.05.09"]
[SourceVersion "1"]
[SourceVersionDate "2007.05.09"]
[SourceQuality "1"]

1. e4 e5 2. f4 exf4 3. Nf3 d6 4. d4 Nf6 5. Nc3 Qe7 6. Bd3 c6 7. 0-0 Qd7 8. Bxf4 Be7 9. Qe1 0-0 10. e5 dxe5 11. dxe5 Nd5 12. Qe4 Qf5 13. Nxd5 Qxe4 14. Nxe7+ Kh8 15. Bxe4 Be6 16. Nf5 g6 17. Nd6 Na6 18. c3 f5 19. exf6 Kg8 20. f7+ Bxf7 21. Nxf7 Rxf7 22. Nd4 Re8 23. Bd3 Kf8 24. Bd6+ 1-0

[Event "SLO-ch U12"]
[Site "Sentjur"]
[Date "2005.03.02"]
[Round "6"]
[White "Rojc, Gal"]
[Black "Zajc, Jan"]
[Result "0-1"]
[WhiteElo "1613"]
[BlackElo "1508"]
[PlyCount "68"]
[EventDate "2005.02.26"]
[EventType "tourn"]
[EventRounds "9"]
[EventCountry "SLO"]
[SourceTitle "CBM 105 Extra"]
[Source "ChessBase"]
[SourceDate "2005.05.01"]
[SourceVersion "1"]
[SourceVersionDate "2005.05.01"]
[SourceQuality "1"]

1. e4 Nf6 2. e5 Nd5 3. c4 Nb6 4. d4 d5 5. b3 Bf5 6. Nc3 e6 7. Nf3 Nc6 8. Be3 Bb4 9. Bd2 f6 10. exf6 Qxf6 11. a3 Bxc3 12. Bxc3 a6 13. Be2 0-0 14. 0-0 Be4 15. Re1 dxc4 16. bxc4 Bxf3 17. gxf3 Qf4 18. Rb1 Rf6 19. d5 Rh6 20. Bd3 Qxh2+ 21. Kf1 exd5 22. cxd5 Qh3+ 23. Ke2 Re8+ 24. Be4 Rd6 25. Qc2 Nxd5 26. Rxb7 Nxc3+ 27. Qxc3 Rxe4+ 28. fxe4 Qxc3 29. Kf1 Qf3 30. Rxc7 Rd2 31. Rc8+ Nd8 32. Rxd8+ Rxd8 33. Re3 Rd1+ 34. Re1 Qh1+ 0-1

[Event "SLO-ch U12"]
[Site "Sentjur"]
[Date "2005.03.02"]
[Round "8"]
[White "Rozic, Samo"]
[Black "Zajc, Jan"]
[Result "1-0"]
[WhiteElo "1833"]
[BlackElo "1508"]
[PlyCount "71"]
[EventDate "2005.02.26"]
[EventType "tourn"]
[EventRounds "9"]
[EventCountry "SLO"]
[SourceTitle "CBM 105 Extra"]
[Source "ChessBase"]
[SourceDate "2005.05.01"]
[SourceVersion "1"]
[SourceVersionDate "2005.05.01"]
[SourceQuality "1"]

1. e4 Nf6 2. Nc3 d6 3. f4 Bg4 4. Be2 Bxe2 5. Qxe2 e5 6. d3 Nc6 7. Nf3 Be7 8. 0-0 0-0 9. Be3 Qd7 10. h3 Qd8 11. Qf2 Nd7 12. f5 Nb6 13. Bxb6 axb6 14. Nd5 Bf6 15. g4 Kh8 16. h4 Ne7 17. Nxe7 Bxe7 18. c4 g5 19. Nh2 f6 20. hxg5 fxg5 21. Qf3 Bf6 22. Kg2 Qd7 23. Qf2 Kg8 24. Nf3 c5 25. Rh1 b5 26. Rh5 Qe7 27. cxb5 Rf7 28. a4 Rg7 29. b3 Qc7 30. Qd2 Qd8 31. Qc1 b6 32. Qc4+ Kh8 33. Rh6 Raa7 34. Rah1 Qe7 35. Qd5 Qd7 36. Rxf6 1-0

[Event "SLO-ch U16"]
[Site "Celje"]
[Date "2004.03.10"]
[Round "4"]
[White "Smon, Andraz"]
[Black "Zajc, Jan"]
[Result "1-0"]
[WhiteElo "1658"]
[BlackElo "1500"]
[PlyCount "80"]
[EventDate "2004.02.22"]
[EventType "swiss"]
[EventRounds "9"]
[EventCountry "SLO"]
[SourceTitle "EXT 2008"]
[Source "ChessBase"]
[SourceDate "2007.11.25"]
[SourceVersion "1"]
[SourceVersionDate "2007.11.25"]
[SourceQuality "1"]

1. e4 e5 2. Nf3 Nc6 3. Bb5 a6 4. Ba4 Nf6 5. 0-0 b5 6. Bb3 d6 7. Re1 Bg4 8. c3 Be7 9. d3 0-0 10. Bg5 Qd7 11. Bxf6 Bxf6 12. Bd5 Rad8 13. Bxc6 Qxc6 14. Na3 Qd7 15. Nc2 Rfe8 16. Ne3 Bxf3 17. Qxf3 Qe6 18. a4 c6 19. axb5 axb5 20. Ra6 Rc8 21. Rea1 Re7 22. Qf5 g6 23. Qxe6 Rxe6 24. Nc2 Re7 25. Nb4 Rec7 26. Rb6 Kf8 27. Raa6 Ke8 28. Rxc6 Rxc6 29. Rxc6 Rxc6 30. Nxc6 Kd7 31. Nb4 Bg5 32. Kf1 Bc1 33. b3 Bb2 34. Nd5 f5 35. Ke2 fxe4 36. dxe4 Bc1 37. Nf6+ Ke6 38. Nd5 Kd7 39. Nf6+ Ke6 40. Nxh7 Bb2 1-0

[Event "SLO-ch U16"]
[Site "Celje"]
[Date "2004.03.10"]
[Round "9"]
[White "Zajc, Jan"]
[Black "Gabersek, Mitja"]
[Result "1-0"]
[WhiteElo "1500"]
[BlackElo "1500"]
[PlyCount "61"]
[EventDate "2004.02.22"]
[EventType "swiss"]
[EventRounds "9"]
[EventCountry "SLO"]
[SourceTitle "EXT 2008"]
[Source "ChessBase"]
[SourceDate "2007.11.25"]
[SourceVersion "1"]
[SourceVersionDate "2007.11.25"]
[SourceQuality "1"]

1. f4 c5 2. Nf3 Nf6 3. e3 Nc6 4. b3 g6 5. Bb2 Bg7 6. Bb5 Qb6 7. Bxc6 Qxc6 8. 0-0 0-0 9. Nc3 d6 10. Rb1 b5 11. Qe1 Bg4 12. Qf2 Bxf3 13. Qxf3 Qd7 14. Nd5 Nxd5 15. Qxd5 e6 16. Qf3 Qc7 17. Bxg7 Kxg7 18. d3 Qa5 19. Ra1 Qc3 20. Qe2 a5 21. a4 b4 22. e4 e5 23. f5 g5 24. Rac1 f6 25. Qg4 h6 26. Qh5 Qd4+ 27. Kh1 Rg8 28. Qg6+ Kf8 29. Qxf6+ Ke8 30. Qe6+ Kd8 31. Qxg8+ 1-0

[Event "SLO-ch U16"]
[Site "Celje"]
[Date "2004.02.22"]
[Round "3"]
[White "Ursic, Jakob"]
[Black "Zajc, Jan"]
[Result "1-0"]
[WhiteElo "1572"]
[BlackElo "1500"]
[PlyCount "59"]
[EventDate "2004.02.22"]
[EventType "swiss"]
[EventRounds "9"]
[EventCountry "SLO"]
[SourceTitle "EXT 2008"]
[Source "ChessBase"]
[SourceDate "2007.11.25"]
[SourceVersion "1"]
[SourceVersionDate "2007.11.25"]
[SourceQuality "1"]

1. e4 e5 2. Nf3 Nc6 3. Nc3 Nf6 4. d4 exd4 5. Nxd4 Nxd4 6. Qxd4 d6 7. Bg5 Be7 8. 0-0-0 h6 9. Bh4 Be6 10. e5 dxe5 11. Qxe5 Bd6 12. Bb5+ Kf8 13. Qd4 Be7 14. Qe3 Bd6 15. Ne4 Qe7 16. Nxd6 cxd6 17. Rhe1 Rc8 18. Qd4 Qc7 19. Qxd6+ Qxd6 20. Rxd6 Ke7 21. Rd7+ Kf8 22. Rxb7 Bxa2 23. Rxa7 Bb3 24. c3 g5 25. Bg3 Kg7 26. Be5 Be6 27. Bd7 Bxd7 28. Rxd7 Rcd8 29. Rd6 Rxd6 30. Bxd6 1-0